[Event "22. Torneo San Viator"]
[Site "Madrid ESP"]
[Date "2014.05.18"]
[Round "7.41"]
[White "Tsakas, Nikolaos"]
[Black "Gallego Romero, Manuel"]
[Result "1-0"]
[WhiteElo "1738"]
[BlackElo "1531"]
[PlyCount "73"]
[EventDate "2014.03.23"]
[EventType "swiss"]
[EventRounds "9"]
[EventCountry "ESP"]
[SourceTitle "Ajedrez en Madrid"]
[Source "lmi"]
[SourceDate "2014.03.23"]
[SourceVersion "1"]
[SourceVersionDate "2014.07.21"]
[SourceQuality "1"]

1. e4 e5 2. Nf3 d6 3. Nc3 Nf6 4. Bc4 h6 5. d4 exd4 6. Nxd4 Be7 7. f3 Bd7 8. Be3
Nc6 9. Qd2 a6 10. O-O-O b5 11. Bb3 Na5 12. Nf5 Bxf5 13. exf5 Nxb3+ 14. axb3 b4
15. Nd5 Nxd5 16. Qxd5 O-O 17. Rd4 Bg5 18. f4 c5 19. Rd3 Be7 20. Rhd1 a5 21. f6
Bxf6 22. Qxd6 Qxd6 23. Rxd6 Be7 24. Rc6 Rfc8 25. Rxc8+ Rxc8 26. Rd5 f6 27. f5
Kf7 28. Kd2 Rc6 29. Kd3 Bd6 30. h3 Be5 31. Rxc5 Rd6+ 32. Kc4 Bxb2 33. Rxa5 Bc3
34. Ra7+ Kg8 35. Ra8+ Kf7 36. Bc5 Rd2 37. Rf8# 1-0

[Event "22. Torneo San Viator"]
[Site "Madrid ESP"]
[Date "2014.05.18"]
[Round "7.43"]
[White "Barragan Panal, Juan Jose"]
[Black "Caravantes Camacho, Fernando"]
[Result "1-0"]
[WhiteElo "1630"]
[BlackElo "1466"]
[PlyCount "115"]
[EventDate "2014.03.23"]
[EventType "swiss"]
[EventRounds "9"]
[EventCountry "ESP"]
[SourceTitle "Ajedrez en Madrid"]
[Source "lmi"]
[SourceDate "2014.03.23"]
[SourceVersion "1"]
[SourceVersionDate "2014.07.21"]
[SourceQuality "1"]

1. d4 Nf6 2. Nf3 d5 3. Bf4 e6 4. e3 c5 5. c4 Nc6 6. cxd5 Nxd5 7. Bg3 cxd4 8.
Nxd4 Nxd4 9. Qxd4 Bd7 10. Bd3 Nf6 11. O-O Bc6 12. Qxd8+ Rxd8 13. Bc2 Be7 14.
Rd1 O-O 15. Nc3 Rxd1+ 16. Rxd1 Rd8 17. Rxd8+ Bxd8 18. Ba4 Bxa4 19. Nxa4 b5 20.
Nc5 Bb6 21. Nd3 Ne4 22. Be5 f6 23. Bd4 Bxd4 24. exd4 Kf7 25. Nb4 a5 26. Nc6 a4
27. f3 Nd6 28. b3 axb3 29. axb3 Ke8 30. Kf2 Kd7 31. Nb4 Nf5 32. Nc2 Kd6 33. g4
Ne7 34. Ke2 f5 35. Kd3 fxg4 36. fxg4 Ng6 37. Ke4 e5 38. dxe5+ Nxe5 39. h3 Nc6
40. Nd4 Nxd4 41. Kxd4 g6 42. b4 h6 43. h4 g5 44. h5 Kc6 45. Ke5 Kc7 46. Kd5 Kb6
47. Kd6 Kb7 48. Kc5 Kc7 49. Kxb5 Kb7 50. Kc5 Kc7 51. Kd5 Kb6 52. Ke6 Kb5 53.
Kf6 Kxb4 54. Kg6 Kc5 55. Kxh6 Kd6 56. Kxg5 Ke6 57. Kg6 Ke7 58. Kg7 1-0

[Event "22. Torneo San Viator"]
[Site "Madrid ESP"]
[Date "2014.05.18"]
[Round "7.44"]
[White "Lavandeira Hermoso, Alvaro"]
[Black "Perez Carballeira, Francisco"]
[Result "0-1"]
[WhiteElo "1481"]
[BlackElo "1606"]
[PlyCount "110"]
[EventDate "2014.03.23"]
[EventType "swiss"]
[EventRounds "9"]
[EventCountry "ESP"]
[SourceTitle "Ajedrez en Madrid"]
[Source "lmi"]
[SourceDate "2014.03.23"]
[SourceVersion "1"]
[SourceVersionDate "2014.07.21"]
[SourceQuality "1"]

1. e4 d5 2. exd5 Qxd5 3. Nc3 Qa5 4. d4 c6 5. Nf3 Bf5 6. Bd3 Nf6 7. O-O Bxd3 8.
Qxd3 e6 9. Bd2 Qc7 10. Ne4 Nbd7 11. c4 Be7 12. b4 O-O 13. c5 Rad8 14. Bg5 Rfe8
15. Rad1 Nxe4 16. Bxe7 Rxe7 17. Qxe4 Nf6 18. Qh4 Rd5 19. Ne5 Qd8 20. Rfe1 Nd7
21. Nxd7 Rexd7 22. Qxd8+ Rxd8 23. Re4 Kf8 24. Kf1 e5 25. Ke2 exd4 26. Kd3 f5
27. Re6 Re8 28. Rde1 Rxe6 29. Rxe6 Kf7 30. Re2 Kf6 31. Re8 Rd7 32. f4 h6 33. h4
Kg6 34. Rf8 Kh5 35. Rxf5+ Kxh4 36. Re5 Kg4 37. f5 Kf4 38. Re4+ Kxf5 39. g4+ Kf6
40. Re8 g6 41. a4 h5 42. gxh5 gxh5 43. b5 cxb5 44. axb5 h4 45. Re4 Kg5 46. c6
bxc6 47. bxc6 Rc7 48. Kxd4 Rxc6 49. Re5+ Kg4 50. Re4+ Kg3 51. Re3+ Kf2 52. Rh3
Rh6 53. Ke4 Kg2 54. Rf3 h3 55. Ke3 Re6+ 0-1

[Event "22. Torneo San Viator"]
[Site "Madrid ESP"]
[Date "2014.05.18"]
[Round "7.45"]
[White "Andres Rodriguez, Florencio"]
[Black "Blanco Diez, David"]
[Result "0-1"]
[WhiteElo "1588"]
[BlackElo "1455"]
[PlyCount "84"]
[EventDate "2014.03.23"]
[EventType "swiss"]
[EventRounds "9"]
[EventCountry "ESP"]
[SourceTitle "Ajedrez en Madrid"]
[Source "lmi"]
[SourceDate "2014.03.23"]
[SourceVersion "1"]
[SourceVersionDate "2014.07.21"]
[SourceQuality "1"]

1. d4 d5 2. c4 e6 3. Nc3 Be7 4. e4 dxe4 5. Nxe4 Nf6 6. Nxf6+ Bxf6 7. Nf3 c5 8.
Be3 cxd4 9. Bxd4 Qa5+ 10. Qd2 Qxd2+ 11. Kxd2 Bxd4 12. Nxd4 O-O 13. Kc2 Rd8 14.
Rd1 b6 15. Be2 Bb7 16. Bf3 Bxf3 17. Nxf3 Nc6 18. Rxd8+ Rxd8 19. Rd1 Nb4+ 20.
Kc1 Nxa2+ 21. Kc2 Nb4+ 22. Kc1 Rxd1+ 23. Kxd1 Nd3 24. Kc2 Nxf2 25. b4 Ne4 26.
Nd4 Kf8 27. Kd3 Nf6 28. Nc6 a6 29. Nb8 a5 30. c5 bxc5 31. bxc5 Ke8 32. Kc4 a4
33. Kb4 Nd5+ 34. Kxa4 Kd8 35. Kb5 Kc8 36. Na6 Nc7+ 37. Nxc7 Kxc7 38. Kc4 Kc6
39. Kd4 f6 40. g3 e5+ 41. Kc4 f5 42. h3 g5 0-1

[Event "22. Torneo San Viator"]
[Site "Madrid ESP"]
[Date "2014.05.18"]
[Round "7.46"]
[White "Valdes Sanchez, Jesus Manuel"]
[Black "Bermejo Jimenez, Adolfo"]
[Result "1-0"]
[WhiteElo "1569"]
[BlackElo "1442"]
[PlyCount "107"]
[EventDate "2014.03.23"]
[EventType "swiss"]
[EventRounds "9"]
[EventCountry "ESP"]
[SourceTitle "Ajedrez en Madrid"]
[Source "lmi"]
[SourceDate "2014.03.23"]
[SourceVersion "1"]
[SourceVersionDate "2014.07.21"]
[SourceQuality "1"]

1. e4 c6 2. d4 d5 3. Nc3 dxe4 4. Nxe4 Bf5 5. Ng3 Bg6 6. h4 h6 7. Nf3 e6 8. h5
Bh7 9. Bd3 Bxd3 10. Qxd3 Bd6 11. Ne4 Nf6 12. Nxd6+ Qxd6 13. Ne5 Nbd7 14. Nc4
Qd5 15. Ne3 Qe4 16. Qxe4 Nxe4 17. Nc4 b6 18. Rh4 f5 19. f3 Nef6 20. Nd6+ Ke7
21. Bf4 Nd5 22. Nc4 Nxf4 23. Rxf4 Nf6 24. Rh4 Nd5 25. O-O-O b5 26. Ne5 Ne3 27.
Rd2 Rhc8 28. Re2 Nc4 29. Ng6+ Kf6 30. Nf4 Re8 31. b3 Nb6 32. Ng6 Nd5 33. Kb2 a5
34. Ne5 Ne7 35. Nd7+ Kg5 36. g3 Nd5 37. f4+ Nxf4 38. Rxf4 Kxh5 39. Nc5 Ra7 40.
Re5 Rae7 41. g4+ Kg5 42. Nd3 Kf6 43. gxf5 exf5 44. Rfxf5+ Kg6 45. Nf4+ Kh7 46.
Rc5 g5 47. Nh5 Kg6 48. Ng3 Re6 49. d5 cxd5 50. Rcxd5 h5 51. Rxg5+ Kf6 52. Nxh5+
Kf7 53. Rg7+ Kf8 54. Rf5+ 1-0

[Event "22. Torneo San Viator"]
[Site "Madrid ESP"]
[Date "2014.05.18"]
[Round "7.48"]
[White "Brasa Olmos, Joaquin"]
[Black "Garcia Carcedo, Jesus"]
[Result "1-0"]
[WhiteElo "1532"]
[BlackElo "1778"]
[PlyCount "71"]
[EventDate "2014.03.23"]
[EventType "swiss"]
[EventRounds "9"]
[EventCountry "ESP"]
[SourceTitle "Ajedrez en Madrid"]
[Source "lmi"]
[SourceDate "2014.03.23"]
[SourceVersion "1"]
[SourceVersionDate "2014.07.21"]
[SourceQuality "1"]

1. e4 e6 2. d4 d5 3. Nd2 Nf6 4. e5 Nfd7 5. Bd3 c5 6. c3 cxd4 7. cxd4 Nc6 8.
Ngf3 f6 9. O-O Be7 10. Nh4 f5 11. Qh5+ Kf8 12. Ng6+ Kg8 13. Nxh8 Kxh8 14. Nb3
b6 15. f4 Nb4 16. Bb5 Nf8 17. a3 Ba6 18. Qe2 Bxb5 19. Qxb5 a6 20. Qe2 Nc6 21.
Be3 a5 22. Rfc1 Rc8 23. Rc3 a4 24. Nd2 Na7 25. Rac1 Rxc3 26. Rxc3 Qd7 27. Nf3
Bd8 28. Bd2 b5 29. Rc2 Bb6 30. Bc3 Qb7 31. Ng5 h6 32. Qh5 Kg8 33. Nf3 Nc6 34.
Qe8 Qd7 35. Qa8 Qa7 36. Qxc6 1-0

[Event "22. Torneo San Viator"]
[Site "Madrid ESP"]
[Date "2014.05.18"]
[Round "7.49"]
[White "Charles Soria, Alberto"]
[Black "Hidalgo Prado, David"]
[Result "1-0"]
[WhiteElo "1646"]
[BlackElo "1448"]
[PlyCount "111"]
[EventDate "2014.03.23"]
[EventType "swiss"]
[EventRounds "9"]
[EventCountry "ESP"]
[SourceTitle "Ajedrez en Madrid"]
[Source "lmi"]
[SourceDate "2014.03.23"]
[SourceVersion "1"]
[SourceVersionDate "2014.07.21"]
[SourceQuality "1"]

1. e4 e6 2. d4 d5 3. Nd2 Nf6 4. e5 Nfd7 5. Bd3 c5 6. c3 Nc6 7. Ndf3 cxd4 8.
cxd4 f6 9. exf6 Nxf6 10. Ne2 Bd6 11. O-O Bd7 12. a3 Qc7 13. b4 a6 14. Bb2 Na7
15. Rc1 Qb8 16. Re1 Bb5 17. Nc3 Bd7 18. Bf5 Kf7 19. Bxe6+ Bxe6 20. Ng5+ Kg6 21.
Nxe6 Bxh2+ 22. Kh1 Bd6 23. Qd3+ Kf7 24. Qf3 Re8 25. Ng5+ Kg8 26. Nxd5 Rf8 27.
Nxf6+ Rxf6 28. Qd5+ Kh8 29. Nf7+ Kg8 30. Nxd6+ Kf8 31. Re8+ Qxe8 32. Nxe8 Rxe8
33. Qc5+ Re7 34. Re1 Nc6 35. Rxe7 Nxe7 36. d5 Rf5 37. Bxg7+ Kf7 38. Qc7 Rxd5
39. Be5 Ke6 40. Bg3 Rd7 41. Qe5+ Kf7 42. Bh4 Ng6 43. Qf6+ Ke8 44. Qe6+ Ne7 45.
Bxe7 Rxe7 46. Qg8+ Kd7 47. g3 Kc6 48. Qc4+ Kd7 49. Kg2 Kd8 50. f4 Ke8 51. f5 h5
52. Kh3 Kf8 53. Kh4 Kg7 54. Kxh5 Kf6 55. Kg4 Re5 56. Qd4 1-0

[Event "22. Torneo San Viator"]
[Site "Madrid ESP"]
[Date "2014.05.18"]
[Round "7.50"]
[White "Vega De Alba, Carlos"]
[Black "Vega De Alba, Miguel"]
[Result "0-1"]
[WhiteElo "1388"]
[BlackElo "1582"]
[PlyCount "52"]
[EventDate "2014.03.23"]
[EventType "swiss"]
[EventRounds "9"]
[EventCountry "ESP"]
[SourceTitle "Ajedrez en Madrid"]
[Source "lmi"]
[SourceDate "2014.03.23"]
[SourceVersion "1"]
[SourceVersionDate "2014.07.21"]
[SourceQuality "1"]

1. d4 d5 2. c4 e6 3. Nc3 Nf6 4. Bg5 Nbd7 5. e3 c6 6. Nf3 Bb4 7. Rc1 Qa5 8. a3
Bxc3+ 9. Rxc3 Ne4 10. b4 Nxc3 11. Qb3 Qc7 12. Qxc3 a5 13. c5 axb4 14. axb4 O-O
15. Bf4 Qd8 16. Bd6 Re8 17. g3 Nf6 18. Be5 Ne4 19. Qb2 f6 20. Bf4 g5 21. Bd6
Nxd6 22. cxd6 Qxd6 23. Bg2 Ra4 24. O-O Qxb4 25. Qe2 Qe7 26. Qc2 Rc4 0-1

[Event "22. Torneo San Viator"]
[Site "Madrid ESP"]
[Date "2014.05.18"]
[Round "7.51"]
[White "Estebanez Cuesta, Alfredo"]
[Black "Torrecillas Adan, Luis"]
[Result "1-0"]
[WhiteElo "1578"]
[BlackElo "1266"]
[PlyCount "71"]
[EventDate "2014.03.23"]
[EventType "swiss"]
[EventRounds "9"]
[EventCountry "ESP"]
[SourceTitle "Ajedrez en Madrid"]
[Source "lmi"]
[SourceDate "2014.03.23"]
[SourceVersion "1"]
[SourceVersionDate "2014.07.21"]
[SourceQuality "1"]

1. d4 d5 2. Nc3 Nf6 3. e3 e6 4. Bd3 Bb4 5. Bd2 c5 6. a3 Bxc3 7. Bxc3 c4 8. Be2
Ne4 9. Nf3 O-O 10. Bb4 Re8 11. O-O Nc6 12. Nd2 Nf6 13. Bc3 b5 14. b3 Bb7 15. f4
a5 16. b4 axb4 17. Bxb4 Nxb4 18. axb4 Rxa1 19. Qxa1 Qa8 20. Qb2 Bc6 21. Ra1 Qb7
22. Ra5 Ra8 23. Qa3 h5 24. Nf3 Rxa5 25. Qxa5 Qe7 26. Ne5 Be8 27. Qb6 Qxb4 28.
Kf2 Qb2 29. Bd1 g6 30. Qd8 Ne4+ 31. Kf3 Kf8 32. Nd7+ Kg7 33. Qxe8 Qa2 34. Ne5
Nd6 35. Qe7 Kg8 36. Nxf7 1-0

[Event "22. Torneo San Viator"]
[Site "Madrid ESP"]
[Date "2014.05.18"]
[Round "7.54"]
[White "Aranda Perez, Ivan"]
[Black "Olias Ruiz, Enrique"]
[Result "1-0"]
[WhiteElo "1440"]
[BlackElo "1209"]
[PlyCount "105"]
[EventDate "2014.03.23"]
[EventType "swiss"]
[EventRounds "9"]
[EventCountry "ESP"]
[SourceTitle "Ajedrez en Madrid"]
[Source "lmi"]
[SourceDate "2014.03.23"]
[SourceVersion "1"]
[SourceVersionDate "2014.07.21"]
[SourceQuality "1"]

1. e4 Nc6 2. d4 e5 3. d5 Nce7 4. Nf3 d6 5. h3 h6 6. Bd3 a6 7. c4 Qd7 8. Nc3 Nf6
9. Be3 g5 10. g4 Bg7 11. Qd2 O-O 12. Ne2 Ng6 13. Ng3 Kh7 14. Nf5 Re8 15. b3 a5
16. a4 b6 17. Ke2 Bb7 18. Rag1 Ba6 19. h4 gxh4 20. Nxg7 Kxg7 21. Bxh6+ Kg8 22.
Rxh4 Bc8 23. c5 Qd8 24. Rhh1 Nh7 25. c6 f6 26. g5 Kf7 27. gxf6 Qxf6 28. Ng5+
Nxg5 29. Bxg5 Nf4+ 30. Bxf4 exf4 31. Rh7+ Kf8 32. Kf3 Re7 33. Rxe7 Kxe7 34.
Qxf4 Bh3 35. Qxf6+ Kxf6 36. Rh1 Rh8 37. Kg3 Ke5 38. Rxh3 Rxh3+ 39. Kxh3 Kd4 40.
f4 Kxd3 41. f5 Kxe4 42. Kg4 Kxd5 43. Kg5 Ke5 44. Kg6 d5 45. f6 d4 46. f7 Ke4
47. f8=Q d3 48. Qf2 Kd5 49. Qe3 Kxc6 50. Qxd3 Kb7 51. Qd5+ Kb8 52. Kf6 Kc8 53.
Qc6 1-0

[Event "22. Torneo San Viator"]
[Site "Madrid ESP"]
[Date "2014.05.18"]
[Round "7.55"]
[White "Vicioso Barbadillo, Juan J"]
[Black "Jimenez Perez, Federico"]
[Result "1-0"]
[WhiteElo "1399"]
[BlackElo "1301"]
[PlyCount "97"]
[EventDate "2014.03.23"]
[EventType "swiss"]
[EventRounds "9"]
[EventCountry "ESP"]
[SourceTitle "Ajedrez en Madrid"]
[Source "lmi"]
[SourceDate "2014.03.23"]
[SourceVersion "1"]
[SourceVersionDate "2014.07.21"]
[SourceQuality "1"]

1. e4 c5 2. Nf3 d6 3. d4 cxd4 4. Nxd4 Nf6 5. Bd3 g6 6. Nc3 Bg7 7. Be3 O-O 8.
Qd2 Nc6 9. Nxc6 bxc6 10. O-O-O a5 11. Bh6 Ng4 12. Bxg7 Kxg7 13. f3 Nf6 14. h4
h5 15. Rdg1 e5 16. f4 Ba6 17. Bxa6 Rxa6 18. fxe5 dxe5 19. Qxd8 Rxd8 20. Re1 a4
21. a3 Rd4 22. Rhf1 Rb6 23. Rf3 Rb7 24. Rd3 Rbd7 25. Red1 Ng4 26. Rxd4 Rxd4 27.
Rxd4 exd4 28. Nxa4 Ne3 29. Nc5 Nc4 30. a4 Nb6 31. a5 Nc8 32. a6 Kf6 33. Kd2 Ke5
34. Kd3 Nb6 35. b4 f5 36. exf5 gxf5 37. a7 Na8 38. Nd7+ Kf4 39. Kxd4 Kg3 40.
Nb6 Nxb6 41. Kc5 Na8 42. Kxc6 Kxg2 43. Kb7 f4 44. Kxa8 f3 45. Kb8 f2 46. a8=Q+
Kg1 47. Qf3 f1=Q 48. Qxf1+ Kxf1 49. b5 1-0

[Event "22. Torneo San Viator"]
[Site "Madrid ESP"]
[Date "2014.05.18"]
[Round "7.56"]
[White "Trapero Bueno, Vicente"]
[Black "Cuerda Montagud, Tomas"]
[Result "0-1"]
[WhiteElo "1188"]
[BlackElo "1342"]
[PlyCount "76"]
[EventDate "2014.03.23"]
[EventType "swiss"]
[EventRounds "9"]
[EventCountry "ESP"]
[SourceTitle "Ajedrez en Madrid"]
[Source "lmi"]
[SourceDate "2014.03.23"]
[SourceVersion "1"]
[SourceVersionDate "2014.07.21"]
[SourceQuality "1"]

1. d4 Nf6 2. Nf3 g6 3. c4 Bg7 4. Nc3 O-O 5. e4 d6 6. Be2 Nbd7 7. O-O e5 8. d5
c6 9. Bg5 c5 10. Nb5 Qb6 11. b3 Nxe4 12. Be3 a6 13. Na3 Nc3 14. Qd2 Nxe2+ 15.
Qxe2 e4 16. Nd2 Bxa1 17. Rxa1 Nf6 18. Bg5 Nh5 19. Nxe4 Bf5 20. Nf6+ Nxf6 21.
Bxf6 Rfe8 22. Qb2 Qa5 23. Nc2 Bxc2 24. h3 Re2 25. Bh8 Kf8 26. Qg7+ Ke7 27. Qf6+
Kd7 28. Qxf7+ Re7 29. Qf6 Rae8 30. Qb2 Re2 31. Bc3 Qd8 32. Qc1 Qh4 33. Be1
Rxe1+ 34. Qxe1 Rxe1+ 35. Rxe1 Qd4 36. Kh2 Qxf2 37. Re6 Bf5 38. Rf6 Ke7 0-1

[Event "22. Torneo San Viator"]
[Site "Madrid ESP"]
[Date "2014.05.18"]
[Round "7.57"]
[White "Del Noval Nemeshazi, Mario"]
[Black "Diaz Del Prado, Carlos"]
[Result "1/2-1/2"]
[WhiteElo "1317"]
[BlackElo "1224"]
[PlyCount "40"]
[EventDate "2014.03.23"]
[EventType "swiss"]
[EventRounds "9"]
[EventCountry "ESP"]
[SourceTitle "Ajedrez en Madrid"]
[Source "lmi"]
[SourceDate "2014.03.23"]
[SourceVersion "1"]
[SourceVersionDate "2014.07.21"]
[SourceQuality "1"]

1. d4 Nf6 2. c4 g6 3. Nc3 Bg7 4. e4 d6 5. Nf3 O-O 6. Be2 c5 7. d5 Qa5 8. O-O
Nh5 9. Bd2 Qb6 10. b3 Bxc3 11. Bxc3 Nf4 12. Re1 Bg4 13. h3 Nxe2+ 14. Qxe2 Bd7
15. Rab1 a5 16. Ba1 Na6 17. Qb2 f6 18. a4 Nb4 19. Qd2 Rf7 20. Bc3 Raf8 1/2-1/2

[Event "22. Torneo San Viator"]
[Site "Madrid ESP"]
[Date "2014.05.25"]
[Round "8.1"]
[White "Iturbide Arnedo, Oscar"]
[Black "Renteria, Jorge"]
[Result "1-0"]
[WhiteElo "2128"]
[BlackElo "2299"]
[PlyCount "135"]
[EventDate "2014.03.23"]
[EventType "swiss"]
[EventRounds "9"]
[EventCountry "ESP"]
[SourceTitle "Ajedrez en Madrid"]
[Source "lmi"]
[SourceDate "2014.03.23"]
[SourceVersion "1"]
[SourceVersionDate "2014.07.21"]
[SourceQuality "1"]

1. e4 c5 2. Nc3 e6 3. g3 d5 4. exd5 exd5 5. Bg2 Nf6 6. d3 d4 7. Ne4 Nxe4 8.
dxe4 Be7 9. Ne2 O-O 10. O-O Nc6 11. Nf4 Rb8 12. a4 b6 13. Nd5 Bd6 14. f4 Ne7
15. c4 dxc3 16. bxc3 Nxd5 17. Qxd5 Be7 18. Qc4 a6 19. Be3 b5 20. axb5 axb5 21.
Qe2 Be6 22. Rfd1 Qb6 23. Qf2 Rfd8 24. f5 Bb3 25. Rxd8+ Rxd8 26. e5 Bf8 27. Be4
Bc4 28. Qf4 Re8 29. e6 Bxe6 30. fxe6 Qxe6 31. Ra8 Rxa8 32. Bxa8 b4 33. c4 b3
34. Bd5 b2 35. Be4 Qxc4 36. Bb1 Qb3 37. Qe4 g6 38. Qd3 Qb4 39. Bd2 Qb6 40. Kg2
Bg7 41. Qd5 h5 42. Qa8+ Kh7 43. Qd5 Kg8 44. Qa8+ Kh7 45. Qd5 Kg8 46. Be3 Bf8
47. Bd2 Bg7 48. Be3 Bf8 49. Bf2 Qc7 50. Bxg6 c4 51. Bc2 Bg7 52. Qf5 c3 53. Bc5
Qc6+ 54. Be4 Qh6 55. Qc8+ Bf8 56. Qxf8+ Qxf8 57. Bxf8 Kxf8 58. Kf3 Ke7 59. Ke3
Ke6 60. Kd4 f5 61. Bd3 h4 62. Kxc3 hxg3 63. hxg3 Ke5 64. Kd2 f4 65. g4 f3 66.
g5 Kf4 67. g6 f2 68. Ke2 1-0

[Event "22. Torneo San Viator"]
[Site "Madrid ESP"]
[Date "2014.05.25"]
[Round "8.2"]
[White "Elissalt Cardenas, Hector"]
[Black "Sotoca Aguado, Jose"]
[Result "1-0"]
[WhiteElo "2369"]
[BlackElo "1964"]
[PlyCount "71"]
[EventDate "2014.03.23"]
[EventType "swiss"]
[EventRounds "9"]
[EventCountry "ESP"]
[SourceTitle "Ajedrez en Madrid"]
[Source "lmi"]
[SourceDate "2014.03.23"]
[SourceVersion "1"]
[SourceVersionDate "2014.07.21"]
[SourceQuality "1"]

1. Nf3 Nf6 2. c4 c5 3. g3 Nc6 4. Bg2 e5 5. Nc3 d6 6. d3 Be7 7. Nd2 O-O 8. Nf1
Rb8 9. Ne3 Nd4 10. h3 a6 11. O-O Be6 12. Kh2 b5 13. Ncd5 Nxd5 14. Nxd5 Qd7 15.
b3 Bd8 16. Bb2 f5 17. e3 Nc6 18. f4 bxc4 19. dxc4 e4 20. Rf2 Nb4 21. Nxb4 Rxb4
22. Rd2 Bc7 23. Ba3 Qc6 24. Bxb4 cxb4 25. Rd4 Rd8 26. Qd2 a5 27. Rd1 Kf7 28. g4
g5 29. gxf5 Bxf5 30. Rd5 Kg6 31. fxg5 Re8 32. Qf2 Re5 33. Rxe5 dxe5 34. Qh4 Kg7
35. Rf1 Qg6 36. Qf2 1-0

[Event "22. Torneo San Viator"]
[Site "Madrid ESP"]
[Date "2014.05.25"]
[Round "8.3"]
[White "Gutierrez Lopez, Carlos"]
[Black "Alonso Abad, Enrique"]
[Result "1-0"]
[WhiteElo "2115"]
[BlackElo "1917"]
[PlyCount "73"]
[EventDate "2014.03.23"]
[EventType "swiss"]
[EventRounds "9"]
[EventCountry "ESP"]
[SourceTitle "Ajedrez en Madrid"]
[Source "lmi"]
[SourceDate "2014.03.23"]
[SourceVersion "1"]
[SourceVersionDate "2014.07.21"]
[SourceQuality "1"]

1. e4 e6 2. d3 d5 3. Nd2 Nf6 4. Ngf3 Nc6 5. c3 dxe4 6. dxe4 e5 7. Be2 a5 8. O-O
Bc5 9. Qc2 O-O 10. a4 b6 11. h3 Bb7 12. Bc4 Qe7 13. Re1 Na7 14. Nf1 Nc8 15. Bg5
Nd6 16. Bd5 c6 17. Bb3 Rfe8 18. Rad1 Ba6 19. N1h2 Qf8 20. Bxf6 gxf6 21. Ng4 Qg7
22. Qc1 h5 23. Nh6+ Kh7 24. Rxd6 Rg8 25. Nh4 Bxd6 26. Nxg8 Rxg8 27. Qd1 Qg5 28.
Qxd6 Qxh4 29. Re3 Qg5 30. g3 h4 31. g4 Bc8 32. Bxf7 Rg7 33. Be6 Bxe6 34. Qxe6
Rc7 35. Kg2 Qg7 36. Rf3 Rd7 37. Rf5 1-0

[Event "22. Torneo San Viator"]
[Site "Madrid ESP"]
[Date "2014.05.25"]
[Round "8.4"]
[White "Garcia-Ruiz Fuentes, Angel M"]
[Black "Medrano Del Val, Julio"]
[Result "1-0"]
[WhiteElo "2025"]
[BlackElo "1794"]
[PlyCount "83"]
[EventDate "2014.03.23"]
[EventType "swiss"]
[EventRounds "9"]
[EventCountry "ESP"]
[SourceTitle "Ajedrez en Madrid"]
[Source "lmi"]
[SourceDate "2014.03.23"]
[SourceVersion "1"]
[SourceVersionDate "2014.07.21"]
[SourceQuality "1"]

1. e4 c5 2. Nf3 Nc6 3. d4 cxd4 4. Nxd4 g6 5. Nc3 Bg7 6. Nb3 d6 7. Be2 Nf6 8.
O-O O-O 9. Bg5 h6 10. Bh4 Be6 11. f4 Nh7 12. f5 Bxb3 13. axb3 g5 14. Bf2 Nf6
15. h4 gxh4 16. Bxh4 Ne5 17. Nd5 Nxd5 18. exd5 b5 19. f6 exf6 20. Rf5 Re8 21.
Qf1 Ng6 22. Be1 Re5 23. Bc3 Rxf5 24. Qxf5 a5 25. b4 a4 26. Rf1 Ne5 27. Bd4 Rb8
28. Bd3 Rb7 29. Rf4 Qd7 30. Qe4 Rc7 31. Bb6 Rc8 32. Qh7+ Kf8 33. Be3 Nc4 34.
Bf5 Qc7 35. Rg4 Rb8 36. Qxg7+ Ke7 37. Re4+ Ne5 38. Bxh6 Qa7+ 39. Be3 Qa8 40.
Rxe5+ dxe5 41. Bc5+ Kd8 42. Qf8+ 1-0

[Event "22. Torneo San Viator"]
[Site "Madrid ESP"]
[Date "2014.05.25"]
[Round "8.5"]
[White "Molina Garcia, Francisco J"]
[Black "Julian Serra, Rogelio"]
[Result "1-0"]
[WhiteElo "1849"]
[BlackElo "1991"]
[PlyCount "41"]
[EventDate "2014.03.23"]
[EventType "swiss"]
[EventRounds "9"]
[EventCountry "ESP"]
[SourceTitle "Ajedrez en Madrid"]
[Source "lmi"]
[SourceDate "2014.03.23"]
[SourceVersion "1"]
[SourceVersionDate "2014.07.21"]
[SourceQuality "1"]

1. e4 g6 2. d4 Bg7 3. Nf3 d6 4. Bd3 Nd7 5. O-O b6 6. Re1 e6 7. c3 Bb7 8. Nbd2
Ne7 9. a4 Rc8 10. a5 O-O 11. Qe2 c5 12. Nc4 Qc7 13. e5 Bxf3 14. gxf3 dxe5 15.
dxe5 Rcd8 16. Bg5 Nxe5 17. Bxe7 Qxe7 18. Nxe5 Bxe5 19. Qxe5 Rxd3 20. Re3 Rd5
21. Qxd5 1-0

[Event "22. Torneo San Viator"]
[Site "Madrid ESP"]
[Date "2014.05.25"]
[Round "8.6"]
[White "Jordana Vargas, Julio"]
[Black "Bermejo Arruego, Luis"]
[Result "0-1"]
[WhiteElo "1948"]
[BlackElo "2175"]
[PlyCount "96"]
[EventDate "2014.03.23"]
[EventType "swiss"]
[EventRounds "9"]
[EventCountry "ESP"]
[SourceTitle "Ajedrez en Madrid"]
[Source "lmi"]
[SourceDate "2014.03.23"]
[SourceVersion "1"]
[SourceVersionDate "2014.07.21"]
[SourceQuality "1"]

1. c4 c6 2. Nf3 d5 3. e3 Nf6 4. b3 Bf5 5. Bb2 e6 6. Be2 h6 7. O-O Bd6 8. d4 O-O
9. Nc3 Nbd7 10. Bd3 Bxd3 11. Qxd3 dxc4 12. bxc4 e5 13. Qf5 Qe7 14. Ne4 Nxe4 15.
Qxe4 f5 16. Qh4 Qxh4 17. Nxh4 e4 18. f3 g5 19. Ng6 Rf6 20. Ne5 Bxe5 21. dxe5
Re6 22. fxe4 fxe4 23. Rf5 Rf8 24. g4 Rfe8 25. Rd1 Nxe5 26. Bxe5 Rxe5 27. Rxe5
Rxe5 28. Rd7 Ra5 29. Rxb7 Rxa2 30. Rc7 a5 31. Rxc6 a4 32. Rxh6 a3 33. Ra6 Kf7
34. c5 Ke7 35. h3 Kd7 36. c6+ Kd6 37. h4 gxh4 38. g5 h3 39. Kh1 Rg2 40. g6 a2
41. g7 Rxg7 42. c7+ Kxc7 43. Rxa2 Rg3 44. Ra3 Kd6 45. Kh2 Rf3 46. Ra6+ Kc5 47.
Rh6 Rxe3 48. Kg1 Rf3 0-1

[Event "22. Torneo San Viator"]
[Site "Madrid ESP"]
[Date "2014.05.25"]
[Round "8.7"]
[White "Caballero Gallego, Luis"]
[Black "Bolea Jover, Jose"]
[Result "0-1"]
[WhiteElo "1880"]
[BlackElo "2035"]
[PlyCount "94"]
[EventDate "2014.03.23"]
[EventType "swiss"]
[EventRounds "9"]
[EventCountry "ESP"]
[SourceTitle "Ajedrez en Madrid"]
[Source "lmi"]
[SourceDate "2014.03.23"]
[SourceVersion "1"]
[SourceVersionDate "2014.07.21"]
[SourceQuality "1"]

1. e4 c5 2. Nf3 Nc6 3. d4 cxd4 4. Nxd4 g6 5. Be3 Bg7 6. Nc3 d6 7. Qd2 Nf6 8. f3
a6 9. Bc4 Bd7 10. Bb3 Qc7 11. O-O-O h5 12. Kb1 Na5 13. Bg5 Nxb3 14. axb3 Bc6
15. Rhe1 Rc8 16. f4 Nd7 17. Nd5 Bxd5 18. exd5 O-O 19. Rxe7 Bxd4 20. Qxd4 Qxc2+
21. Ka2 Rc5 22. Qd2 Qf5 23. b4 Rb5 24. Qd4 Kh7 25. h3 Nb6 26. g4 Qxd5+ 27. b3
Qxd4 28. Rxd4 Nd5 29. Ka3 Nxe7 30. Bxe7 Re8 31. Bxd6 Rd8 32. Be5 Rxd4 33. Bxd4
Rd5 34. Be5 Rd2 35. gxh5 gxh5 36. h4 b5 37. f5 Rf2 38. f6 Kg6 39. Bd4 Rf4 40.
Bf2 Rxf6 41. Be3 Rf3 42. Bf2 f5 43. Bc5 f4 44. Be7 Rf1 45. Bg5 f3 46. Be3 Kf5
47. Bd2 Ke4 0-1